Statistics for Born in Jamestown/New York

Click here to take the quiz!

General Stats

  • This quiz has been taken 10 times
  • The average score is 5 of 9

Answer Stats

HintAnswer% Correct
Actress, "I Love Lucy" "The Lucy Show"1911Lucille Ball
100%
Senator from New York from 1968 to 19871926Charles Goodell
80%
Head coach of the Philadelphia Eagles since 20211981Nick Sirianni
80%
Commissioner of the NFL since 20061959Roger Goodell
80%
Alternative rock singer and former member of the band "10,000 Maniacs"1963Natalie Merchant
40%
Singer and member of the "Backstreet Boys"1980Nick Carter
40%
Keyboardist of the band "10,000 Maniacs"1957Dennis Drew
20%
Guitarist and founding member of the band "10,000 Maniacs"1952John Lombardo
20%
Founder of the research laboratory of General Electric, he is considered the "father of industrial research"1868Willis R. Whitney
20%

Score Distribution

Percentile by Number Answered

Percent of People with Each Score

Your Score History

You have not taken this quiz